00860cam a22003254i 4500003000900000005001700009008004100026035002000067040003300087082001500120100003300135245010600168264003100274300003800305336002100343337002500364338002300389505002600412526001000438526001000448526001000458526001000468526000800478526000800486526000800494526000800502526000800510526000800518526000800526PE-LiUPU20250731172925.0150616s1967 xxu r 000 0 spa d a(Sirsi) a203933 aPE-LiUPUbspacPE-LiUPUerda04a220.7bS471 aShedd,,William G. T.eautor.12aA critical and doctrinal commentary on the epistle of St. Paul to the Romans /c William G. T. Shedd. 1aEE.UU :bZondervan,c1967. a439 páginas ;c21 centímetros atext2rdacontent aunmediated2rdamedia avolume2rdacarrier0 aCommentary of Romans. aSEG42 aSEG41 aSEG40 aSEG39 aP94 aP87 aP86 aP85 aP77 aP76 aP35